| 000 | 01242cam a2200325 a 4500 | ||
|---|---|---|---|
| 001 | 15612204 | ||
| 005 | 20100225072036.0 | ||
| 008 | 090204s2009 nyua 001 0 eng | ||
| 010 | _a 2009004963 | ||
| 015 |
_aGBA946858 _2bnb |
||
| 016 | 7 |
_a015180631 _2Uk |
|
| 020 | _a9780071608466 (alk. paper) | ||
| 020 | _a007160846X (alk. paper) | ||
| 035 | _a(OCoLC)ocn276338110 | ||
| 040 |
_aDLC _cDLC _dBTCTA _dYDXCP _dC#P _dBWX _dUKM _dDLC |
||
| 050 | 0 | 0 |
_aQA76.9.D26 _bO65 2009 |
| 082 | 0 | 0 |
_a005.74 _222 _bOPP |
| 100 | 1 |
_aOppel, Andrew J. _912807 |
|
| 245 | 1 | 0 |
_aDatabases : _ba beginner's guide / _cAndrew J. Oppel. |
| 260 |
_aNew York : _bMcGraw-Hill, _cc2009. |
||
| 300 |
_axviii, 478 p. : _bill. ; _c23 cm. |
||
| 500 | _aIncludes index. | ||
| 650 | 0 |
_aDatabase design. _912808 |
|
| 650 | 0 |
_aDatabase management. _912809 |
|
| 650 | 0 |
_aDatabases. _912810 |
|
| 942 |
_2ddc _cBB |
||
| 999 |
_c13708 _d13708 |
||